000 01406nam#a22004095a#4500
001 1120
008 100412s1995####ag#####g######001#j#spa#d
245 1 0 _aCuentos con detectives y comisarios :
_bantología /
_cdirigida por Herminia Petruzzi.
250 _a1ª ed.
260 _aBuenos Aires :
_bColihue,
_c1995.
300 _a201 p. ;
_c18 cm.
490 0 _aColección Literaria ;
_vno. 116
505 0 _rAyala Gauna, Velmiro
_tRobo en Capibara-Cué
505 0 _rBosco, María Angélica
_tEnroque al odio
505 0 _rFirpo, Norberto
_tTiempo de puñales
505 0 _rGoligorsky, Eduardo
_tOrden jerárquico
505 0 _rMarechal, Leopoldo
_tNarración con espía obligado
505 0 _rPeyrou, Manuel
_tUno en dos
505 0 _rWalsh, Rodolfo
_tZugzwang
505 0 _rChesterton, Gilbert
_tEl hombre invisible
505 0 _rPoe, Edgar Allan
_tLa carta robada
505 0 _rPérez Zelaschi, Adolfo Luis
_tEl caso del pintor célebre
505 0 _aContiene glosario y propuestas de trabajo
020 _a9505811160
100 1 _aPetruzzi, Herminia,
_edirector.
_4drt
080 _a82-82
084 _aC93
653 _aAntologías literarias
653 _aCuentos policiales
653 _aGénero policial
653 _aPoliciales de enigma
653 _aLiteratura policial argentina
040 _aAR-ClEAG
_cAR-ClEAG
005 20241107184658.0
003 AR-ClEAG
942 _cBK
999 _c1120
_d1120
980 _62
_aEvangelina Gallicchio
_82
_gEvangelina Gallicchio